书目信息 |
| 题名: |
实用电力英语丛书
|
|
| 作者: | 刘然 主编 ;孙超 副主编 | |
| 分册: | 电力经济与管理分册 | |
| 出版信息: | 北京 中国电力出版社 2004.06 |
|
| 页数: | 273页 | |
| 开本: | 21cm | |
| 丛书名: | ||
| 单 册: | ||
| 中图分类: | H31 | |
| 科图分类: | ||
| 主题词: | 电力工业--英语 | |
| 电子资源: | ||
| ISBN: | 7-5083-1993-1 | |
| 000 | 01211nam0 2200277 450 | |
| 001 | 0135991655 | |
| 005 | 20051025085930.88 | |
| 010 | @a7-5083-1993-1@dCNY18.00 | |
| 100 | @a20050122d2004 km y0chiy0120 ea | |
| 101 | 0 | @achi |
| 102 | @aCN@b110000 | |
| 105 | @ay z 000yy | |
| 200 | 1 | @a实用电力英语丛书@Ashi yong dian li ying yu cong shu@d= Practical English series in electric power,power economy and management@i电力经济与管理分册@f刘然主编@Fliu ran zhu bian@g孙超, 冯威副主编@Gsun chao,feng wei fu zhu bian@zeng |
| 210 | @a北京@c中国电力出版社@d2004.06 | |
| 215 | @a273页@d21cm | |
| 312 | @a并列题名取自封面。 | |
| 330 | @a本书主要包括国外文献中和电力经济与管理分册方面的文章,如电力企业、现代企业制度、电力市场、电力市场的管理模式、市场透明度、人力资源管理等内容。 | |
| 333 | @a电力系统发电、输配电、用电及电力经济技术人员及管理人员,大中专院校师生。 | |
| 510 | 1 | @aPractical English series in electric power@epower economy and management@zeng |
| 517 | 1 | @a电力经济与管理分册@Adian li jing ji yu guan li fen ce |
| 606 | 0 | @a电力工业@x英语 |
| 690 | @aH31@v4 | |
| 701 | 0 | @a刘然@Aliu ran@4主编 |
| 702 | 0 | @a孙超@Asun chao@4副主编 |
| 801 | 0 | @aCN@bQSSK@c20051025 |
| 905 | @a10447@dH31@eL665 | |
| 实用电力英语丛书= Practical English series in electric power,power economy and management.电力经济与管理分册/刘然主编/孙超, 冯威副主编.-北京:中国电力出版社,2004.06 |
| 273页;21cm |
| 使用对象:电力系统发电、输配电、用电及电力经济技术人员及管理人员,大中专院校师生。 |
| ISBN 7-5083-1993-1:CNY18.00 |
| 本书主要包括国外文献中和电力经济与管理分册方面的文章,如电力企业、现代企业制度、电力市场、电力市场的管理模式、市场透明度、人力资源管理等内容。 |
| ● |
| 相关链接 |
|
|
|
正题名:实用电力英语丛书
索取号:H31/L665
 
预约/预借
| 序号 | 登录号 | 条形码 | 馆藏地/架位号 | 状态 | 备注 |
| 1 | 571662 | 205716625 | 语言库209/209语言库 84排2列4层/ [索取号:H31/L665] | 在馆 | |
| 2 | 571663 | 205716634 | 语言库209/209语言库 84排2列4层/ [索取号:H31/L665] | 在馆 | |
| 3 | 571664 | 205716643 | 语言库209/209语言库 84排2列4层/ [索取号:H31/L665] | 在馆 |